000 00378nam a2200133Ia 4500
005 20260326100026.0
008 260326s9999||||xx |||||||||||||| ||und||
100 _aPlazola Cisneros, Alfredo
245 0 _aArquitectura deportiva :
_b Juegos, Deportes y diversión /
_cAlfredo Plazola Cisneros
260 _bLimusa
300 _a569 p.
650 _aARQUITECTURA CIVIL
942 _cBK
999 _c6411
_d6411